000
00312nam a22001337a 4500
008
170523b xxu||||| |||| 00| 0 eng d
020
_a
9780070411029
041
_a
eng
080
_a
658.5
100
_a
26
101
_a
IM
245
_a
MAYNARD'S INDUSTRIAL ENGINEERING HANDBOOK
_c
ZANDIN,K.B
942
_2
udc
_c
BK
999
_c
13943
_d
13943